000 00385 a2200133 4500
001 65645
040 _cAnchieta - Pituba
100 _aEvert e Claúdia Blanco
240 1 0 _a3ª Avaliação de Língua Portuguesa e Literatura, 2º série
_lpor
245 1 0 _a3ª Avaliação de Língua Portuguesa e Literatura, 2º série
362 0 _a2018
650 4 _aLíngua Portuguesa
942 _cBK
999 _c65645
_d65645